000 01228cam a2200349 4500
001 ABS68438
008 041115n2004 000 0 eng u
035 _a(Sirsi) u127956
100 _aMenary, S.
245 _aRegions to be cheerful
260 _c2004
490 _aHouse Builder
_v63(10) November 2004, 23-27(3)
520 _aReports on the latest EMAP Glenigan "Who's planning to build where" survey for the third quarter 2004. House builders are pushing on with planning applications in southern England and other regions but holding back in London until improvements occur in the capital's housing market. Provides tables covering the planning application activity of the top 10 house builders in each region.
590 _aABS
590 _aABS
650 _aSOUTHWEST ENGLAND
650 _aSTATISTICS
650 _aLONDON
650 _aEAST ANGLIA
650 _aEAST MIDLANDS
650 _aWEST MIDLANDS
650 _aNORTHWEST ENGLAND
650 _aNORTHERN ENGLAND
650 _aSOUTHEAST ENGLAND
650 _aSCOTLAND
650 _aWALES
650 _aNORTHERN IRELAND
650 _aNEW HOUSING
650 _aPLANNING APPLICATIONS
690 _aHOUSING-DEVELOPMENT
942 _n0
999 _c118300
_d118300